The girl /

Detalles Bibliográficos
Autor Principal: Faleiro, Sonia (Author)
Formato: Libro
Idioma:English
Publicado: New Delhi : Penguin Books, 2006.
Subjects:
Classic Catalogue: View this record in Classic Catalogue
LEADER 01382nam a22003497a 4500
001 44604
003 BD-DhAAL
005 20250813140612.0
008 250813t2006 ii 000 1 eng d
010 |a  2006346655 
020 |a 9780143063445 
020 |a 0143063448 
020 |a 9780670058655 
020 |a 0670058653 
025 |a I-E-2006-346655; 26 
035 |a 14327286 
037 |b Library of Congress -- New Delhi Overseas Office  |c Rs250.00 
040 |a DLC  |c DLC  |d BD-DhAAL 
042 |a lcode 
050 0 0 |a MLCS 2006/01246 (P)  |a PR9499.4.F 
082 |a 823.92  |2 23 
100 1 |a Faleiro, Sonia,  |e author.  |9 59052 
245 1 4 |a The girl /  |c Sonia Faleiro. 
260 |a New Delhi :  |b Penguin Books,  |c 2006. 
300 |a 124 pages ;  |c 20 cm 
500 |a Novel. 
541 |a Donated by Farhana Zahir, Assistant Professor, BRAC Business School, BRAC University  |e 44604 
650 |a Suicide  |v Fiction.  |9 25773 
852 |a Ayesha Abed Library  |c General Stacks 
942 |2 ddc  |c BK 
999 |c 47376  |d 47376 
952 |0 0  |1 0  |2 ddc  |4 0  |6 823_920000000000000_FAL  |7 0  |9 78012  |a BRACUL  |b BRACUL  |c NEW  |d 2025-08-13  |e Donated by Farhana Zahir, Assistant Professor, BRAC Business School, BRAC University  |g 350.00  |l 7  |m 2  |o 823.92 FAL  |p 3010044604  |q 2026-06-02  |r 2026-05-10  |s 2026-05-10  |t 1  |v 700.00  |w 2025-08-13  |y BK  |x Donated by Farhana Zahir, Assistant Professor, BRAC Business School, BRAC University